[Event "Ch Argentina"]
[Site "masterchessopen.com Buenos Aires (Argentina)"]
[Round "18"]
[White "Foguelman Alberto (ARG)"]
[Black "Behrensen Jorge (ARG)"]
[Result "1-0"]
[WhiteElo "2310"]
[BlackElo "2325"]

1.d4 Nf6 2.c4 e6 3.g3 d5 4.Bg2 dxc4 5.Nf3 Be7 6.O-O O-O 7.Ne5 Na6 8.Nxc4 c5
9.dxc5 Nxc5 10.Nc3 a5 11.Qxd8 Rxd8 12.Bf4 Ne8 13.Rad1 Bd7 14.Nb6 Ra6 15.Nxd7
Rxd7 16.Rxd7 Nxd7 17.Rd1 Nc5 18.Be3 Kf8 19.b3 Nf6 20.Rd8+ Bxd8 21.Bxc5+ Be7
22.Bxb7 Bxc5 23.Bxa6 Ke7 24.Bb7 Kd6 25.e3 Bb4 26.Na4 Nd7 27.Bf3 e5 28.Kf1 f5
29.Be2 g5 30.g4 f4 31.Bd3 fxe3 32.fxe3 Nc5 33.Nb2 e4 34.Bc2 Kd5 35.Nc4 Nd7
36.a3 Bc3 37.h3 Ne5 38.Nb6+ Ke6 39.Bxe4 Bb2 40.b4 axb4 41.axb4 Ba3 42.b5 {#r}
1-0

[Event "Zt"]
[Site "masterchessopen.com Athens (Greece)"]
[Round "13"]
[White "Spiridonov Nikola (BUL)"]
[Black "Wright Josie H (AUS)"]
[Result "0-1"]
[WhiteElo "2239"]
[BlackElo "2075"]

1.d4 Nf6 2.c4 e6 3.g3 d5 4.Bg2 Be7 5.Nf3 dxc4 6.O-O O-O 7.Ne5 c5 8.dxc5 Bxc5
9.Nxc4 Nc6 10.Nc3 Qe7 11.Bg5 Rd8 12.Qc1 h6 13.Bxf6 Qxf6 14.Bxc6 bxc6 15.Na5
Bf8 16.Nxc6 Rd7 17.b4 Bb7 18.b5 Rc8 19.Rd1 Rxd1+ 20.Nxd1 Ba3 21.Qb1 a6 22.f4
axb5 23.Ne5 Rc1 24.Qxc1 Bxc1 25.Rxc1 Qf5 26.Ne3 Qe4 27.Kf2 f6 28.Nd3 Qd4
29.Rb1 Bc6 30.a3 Kh7 31.Rc1 Be4 32.Nb4 Qb2 33.Rc5 Qxa3 34.Rxb5 Qb2 35.Nd1 Qd2
36.Ne3 Qc1 37.Nbc2 Qh1 38.Ne1 Qxh2+ 39.N1g2 Qh1 40.Rb4 Bc6 41.Rc4 Bb5 42.Rb4
Qh5 43.Rb2 Qc5 44.Rc2 Qd4 45.Ne1 Ba4 46.Nf3 Qb6 47.Rd2 Kg8 48.Rd4 Bb3 49.Kf1
Ba2 50.Nc4 Qc5 51.Ncd2 Kh7 52.e3 Bd5 53.Kf2 Qc2 54.Ne1 Qb2 55.Nf3 Qb6 56.Nf1
Bb7 57.Rd2 Qb4 58.Rd4 Qc5 59.N1d2 Ba6 60.Nf1 Qb5 61.N3h2 Qe2+ 62.Kg1 Bb7
63.Rd2 Qh5 64.Rf2 Qd5 65.Rd2 Qc6 66.Kf2 g5 67.Kg1 h5 68.fxg5 fxg5 69.Re2 Ba6
70.Ra2 Qc4 71.Rd2 g4 72.Kf2 Kg6 73.Rd4 Qe2+ 74.Kg1 Bd3 75.Rf4 e5 76.Rf2 Qe1
77.Rf8 Kg7 78.Rf2 Be4 79.Rd2 Kf6 80.Rf2+ Ke6 81.Rf8 Ke7 82.Rf2 h4 83.Nxg4 hxg3
84.Rd2 Ke6 {#R} 0-1

[Event "Ch Israel"]
[Site "masterchessopen.com Israel"]
[Date "1974.03.17"]
[Round "8"]
[White "Friedman Shmuel (ISR)"]
[Black "Mart Avner (ISR)"]
[Result "1-0"]
[WhiteElo "2385"]
[BlackElo "2208"]

1.d4 Nf6 2.c4 e6 3.Nf3 d5 4.g3 Be7 5.Bg2 dxc4 6.Qa4+ Qd7 7.Qxc4 Qc6 8.Nbd2 Bd7
9.Qd3 Qa6 10.Qxa6 Nxa6 11.a3 Rd8 12.b4 Bc6 13.Bb2 Nb8 14.Rc1 Rc8 15.O-O O-O
16.Ne5 Bxg2 17.Kxg2 Rfd8 18.Rc2 Nbd7 19.Nd3 Nb6 20.Rfc1 c6 21.Nb3 Rb8 22.Ndc5
Nfd7 23.Na5 Nxc5 24.dxc5 Nd7 25.Rd1 Kf8 26.Rcd2 Nf6 27.Be5 Rxd2 28.Rxd2 Rd8
29.Rxd8+ Bxd8 30.Nxb7 Be7 31.Na5 Nd7 32.Nxc6 f6 33.Bc7 a6 34.Nxe7 Kxe7 35.Bd6+
Kf7 36.Kf3 e5 37.Ke4 Ke6 38.Kd3 f5 39.Kc4 Nf6 40.a4 Ne4 41.f3 Nd2+ 42.Kc3 Nf1
43.b5 axb5 44.axb5 Kd5 45.e4+ fxe4 46.fxe4+ Kxe4 47.b6 {#r} 1-0

[Event "Tournament"]
[Site "masterchessopen.com Baku (Azerbaijan)"]
[Round "0"]
[White "Sideif-Sade Fikret I (AZE)"]
[Black "Morgulov Alexsander M (RUS)"]
[Result "0-1"]
[WhiteElo "2381"]
[BlackElo "2335"]

1.d4 Nf6 2.c4 e6 3.g3 d5 4.Bg2 dxc4 5.Nf3 Be7 6.Qa4+ Nbd7 7.O-O a6 8.Qxc4 b5
9.Qc6 Rb8 10.Qc2 Bb7 11.Bg5 c5 12.dxc5 Bxc5 13.Nbd2 Rc8 14.Qb1 O-O 15.Nb3 Be7
16.Nfd4 Bxg2 17.Kxg2 Nc5 18.Rd1 Qb6 19.Nxc5 Qxc5 20.Nf3 Ng4 21.Bxe7 Qxf2+
22.Kh3 Ne3 23.Rg1 Qxe2 24.Qe4 Rc4 25.Nd4 Qh5+ 26.Bh4 Nc2 27.Qf3 Qxf3 28.Nxf3
Nxa1 29.Rxa1 f6 30.g4 Rd8 31.Rf1 Rc2 32.g5 f5 33.g6 Rd3 34.gxh7+ Kxh7 35.Bg3
Rxb2 36.Ng5+ Kh6 37.Nxe6 Rc3 38.Nd4 g6 39.Ra1 f4 40.Nb3 fxg3 41.hxg3 Kg5 {#R}
0-1

[Event "Ch Brazil"]
[Site "masterchessopen.com Caxias do Sul (Brazil)"]
[Round "4"]
[White "Segal Alexandru Sorin (BRA)"]
[Black "Lins Frank Roberto Santana (BRA)"]
[Result "1-0"]
[WhiteElo "2145"]
[BlackElo "2164"]

1.d4 e6 2.c4 Nf6 3.g3 d5 4.Bg2 Be7 5.Nf3 dxc4 6.Qa4+ Bd7 7.Qxc4 Bc6 8.O-O O-O
9.Nc3 Nbd7 10.Qd3 a6 11.Rb1 b5 12.a3 Qc8 13.Bf4 Qb7 14.Rbc1 Rfd8 15.Qc2 Rac8
16.Rfe1 a5 17.e4 b4 18.d5 bxc3 19.dxc6 Qxc6 20.Qxc3 Qxc3 21.Rxc3 c5 22.Bf1 Nh5
23.Bc1 Rb8 24.b3 Nhf6 25.Bf4 Rb7 26.Ba6 Ra7 27.Bb5 Rb7 28.a4 h6 29.h4 Ng4
30.Rd3 Ndf6 31.Rxd8+ Bxd8 32.Ne5 Nxe5 33.Bxe5 Ng4 34.Bd6 Bb6 35.Kg2 Nf6 36.f3
g5 37.hxg5 hxg5 38.g4 Nd7 39.Rd1 Nf8 40.Bc6 Ra7 41.Bb8 Re7 42.Be5 Ng6 43.Bf6
Rc7 44.Bb5 c4 45.bxc4 Be3 46.Kf1 Bf4 47.Bd8 Ra7 48.Bb6 Ra8 49.Rd8+ Rxd8
50.Bxd8 Bd2 51.Ke2 Bc3 52.Bxg5 e5 53.c5 Nf4+ 54.Kd1 Ne6 55.c6 Bb4 56.Bd8 {#r}
1-0

[Event "Ch BRD"]
[Site "masterchessopen.com Bad Neuenahr (Germany)"]
[Round "0"]
[White "Reefschlaeger Helmut Dr (GER)"]
[Black "Zier Ludwig (GER)"]
[Result "1-0"]
[WhiteElo "2248"]
[BlackElo "2240"]

1.d4 Nf6 2.c4 e6 3.g3 d5 4.Bg2 dxc4 5.Nf3 Be7 6.O-O a6 7.Ne5 Nbd7 8.Nxc4 O-O
9.Nc3 c5 10.dxc5 Nxc5 11.Bf4 Ra7 12.Qxd8 Rxd8 13.Bb8 Ra8 14.Bc7 Rd4 15.Nb6
{#r} 1-0

[Event "It (open)"]
[Site "masterchessopen.com Tijuca (Brazil)"]
[Round "4"]
[White "Sosonko Gennadi (NED)"]
[Black "Filguth Rubens A (BRA)"]
[Result "0-1"]
[WhiteElo "2575"]
[BlackElo "2350"]

1.d4 Nf6 2.c4 e6 3.g3 d5 4.Bg2 dxc4 5.Nf3 Be7 6.O-O O-O 7.Qc2 a6 8.a4 c5
9.dxc5 Nc6 10.Nbd2 Bxc5 11.Nxc4 Qe7 12.Nce5 Nb4 13.Qb3 b6 14.Bg5 Bb7 15.Ng4
Rac8 16.Rad1 Bd5 17.Qc3 Bxf2+ 18.Rxf2 Rxc3 19.bxc3 Nc6 20.e4 Bb3 21.Rb1 h5
22.Nxf6+ gxf6 23.Bh6 Bxa4 24.Bxf8 Kxf8 25.Rxb6 Qa7 26.Rbb2 Qc5 27.Bf1 Bd1
28.Nd4 Ne5 29.Rb8+ Kg7 30.Rd8 Ba4 31.Bxa6 Qxc3 32.Be2 Qe3 33.h3 Bd7 34.Nf3 Bc6
35.Nxe5 fxe5 36.Bxh5 Bxe4 37.Kf1 f5 38.Rd7+ Kh6 39.Bd1 Bd3+ 40.Kg2 Be4+ 41.Kf1
Bd3+ 42.Kg2 Qe4+ 43.Kh2 Qe1 {#R} 0-1

[Event "It"]
[Site "masterchessopen.com Reggio Emilia (Italy)"]
[Round "0"]
[White "Kochyev Alexander (RUS)"]
[Black "Wagman Stuart (USA)"]
[Result "1-0"]
[WhiteElo "2545"]
[BlackElo "2125"]

1.d4 d5 2.c4 e6 3.Nf3 Nf6 4.g3 dxc4 5.Bg2 Be7 6.O-O O-O 7.Qc2 Nbd7 8.Qxc4 a6
9.Qc2 c5 10.Rd1 Qe8 11.Nc3 cxd4 12.Nxd4 Nb6 13.Qb3 Bc5 14.Bg5 Nbd5 15.Rac1 Ba7
16.Nxd5 Nxd5 17.e4 Nf6 18.Qf3 Nd7 19.Qe2 Nf6 20.Bxf6 gxf6 21.Qg4+ Kh8 22.Qh4
Kg7 23.e5 fxe5 24.Nc6 Bd4 25.Rxd4 exd4 26.Qg5+ {#r} 1-0

[Event "It"]
[Site "masterchessopen.com Sydney (Australia)"]
[Round "3"]
[White "Mascarinas Rico (PHI)"]
[Black "Shaw Terrey I (AUS)"]
[Result "0-1"]
[WhiteElo "2396"]
[BlackElo "2280"]

1.d4 d5 2.c4 e6 3.Nf3 Nf6 4.g3 Be7 5.Bg2 dxc4 6.O-O O-O 7.Qc2 a6 8.a4 Nc6
9.Rd1 Nb4 10.Qxc4 b5 11.Qb3 Bb7 12.Nc3 Ne4 13.d5 Bxd5 14.Nxd5 exd5 15.Ne5 Qd6
16.Bf4 Qe6 17.Bxe4 dxe4 18.Qxe6 fxe6 19.Nd7 Rfc8 20.axb5 axb5 21.Rxa8 Rxa8
22.Bxc7 Ra2 23.Be5 Nd5 24.e3 Kf7 25.Bd4 Bf6 26.Nc5 Bxd4 27.Rxd4 Rxb2 28.Rxe4
b4 29.Nxe6 b3 30.Nf4 Rb1+ 31.Kg2 Rg1+ 32.Kxg1 b2 33.Kg2 b1=Q 34.Rd4 Nf6 35.Nd3
Qb7+ 36.f3 g5 37.h4 gxh4 38.Rxh4 Qb3 39.Rd4 Nd5 40.e4 Ne3+ 41.Kf2 Nd1+ 42.Kg2
Qc3 {#R} 0-1

[Event "It"]
[Site "masterchessopen.com Zemun (Yugoslavia)"]
[Date "1980.06.09"]
[Round "8"]
[White "Vukic Milan (BIH)"]
[Black "Todorovic Goran N (SRB)"]
[Result "1-0"]
[WhiteElo "2460"]
[BlackElo "2396"]

1.d4 d5 2.c4 e6 3.Nf3 Nf6 4.g3 Be7 5.Bg2 dxc4 6.O-O b5 7.a4 c6 8.Ne5 Nd5
9.axb5 cxb5 10.Nc3 f6 11.e4 fxe5 12.exd5 exd4 13.d6 Qxd6 14.Nxb5 Qd7 15.Qh5+
g6 16.Qe5 O-O 17.Bxa8 Na6 18.Bh6 Rf7 19.Nxd4 Bf6 20.Qxe6 Bxd4 21.Qxc4 Nc7
22.Bc6 Qd6 23.Rad1 Ne6 24.Be3 Rc7 25.Rxd4 Qxc6 26.Qxc6 Rxc6 27.Ra4 a6 28.Rc1
Rxc1+ 29.Bxc1 Kf7 30.h4 Kf6 31.f3 Ke5 32.h5 Bb7 33.Kf2 g5 34.Bxg5 Nxg5 35.f4+
Kf6 36.fxg5+ Kxg5 37.Ra5+ {#r} 1-0

[Event "Ch Lithuania (open)"]
[Site "masterchessopen.com Klaipeda (Lithuania)"]
[Round "0"]
[White "Malisauskas Vidmantas (LTU)"]
[Black "Rozentalis Eduardas (LTU)"]
[Result "0-1"]
[WhiteElo "2462"]
[BlackElo "2575"]

1.d4 Nf6 2.c4 e6 3.g3 d5 4.Nf3 dxc4 5.Bg2 Be7 6.O-O O-O 7.Qc2 a6 8.a4 c5
9.dxc5 Bxc5 10.Qxc4 Qe7 11.Nc3 b6 12.Ng5 Bb7 13.Bxb7 Qxb7 14.Nce4 Nbd7 15.Nxc5
Nxc5 16.b4 Nxa4 17.Rxa4 b5 18.Qh4 bxa4 19.Bb2 h6 20.Bxf6 Qb5 21.Ne4 Qxe2
22.Be7 Rfc8 23.Bc5 Rd8 24.Nd6 Rd7 25.Qc4 Qd2 26.Qe4 Rad8 27.Nb7 Rc8 28.Be3 Qe2
29.Nc5 Rd1 30.Rxd1 Qxd1+ 31.Kg2 a3 32.Qc4 Qd5+ 33.Qxd5 exd5 34.Bd4 a2 35.Kf3
a5 36.Ke3 axb4 37.Nb3 f6 38.Kd2 Kf7 39.Ba1 Ke6 40.Nc1 Kf5 41.f3 Rc3 42.Ne2
Rxf3 43.Nd4+ Ke4 44.Nxf3 Kxf3 45.Kd3 h5 46.Bb2 Kg2 47.Ke2 Kxh2 48.Kf2 g5
49.Bxf6 g4 50.Be5 b3 51.Bd4 h4 52.Be5 hxg3+ 53.Bxg3+ Kh3 54.Be5 g3+ 55.Kg1 g2
{#R} 0-1

[Event "It (open) \"]
[Site "masterchessopen.com Oslo (Norway)"]
[Round "7"]
[White "Stean Michael F (ENG)"]
[Black "Stigar Petter (NOR)"]
[Result "1-0"]
[WhiteElo "2490"]
[BlackElo "2215"]

1.d4 d5 2.c4 e6 3.Nf3 Nf6 4.g3 dxc4 5.Bg2 Be7 6.Qa4+ Bd7 7.Qxc4 Bc6 8.Nc3 Nbd7
9.O-O Nb6 10.Qd3 Bd5 11.b3 c5 12.dxc5 Bxc5 13.Qb5+ Nfd7 14.Nxd5 a6 15.Qd3 Nxd5
16.Bb2 O-O 17.Nd2 N7b6 18.Ne4 Be7 19.Qd4 f6 20.Rfd1 Qe8 21.Ng5 Bd6 22.Nf3 Rd8
23.Qe4 Qf7 24.Rac1 Rfe8 25.a3 a5 26.Nd4 Qe7 27.Nb5 Bc5 28.Bh3 f5 29.Qf3 Nf6
30.e3 Ne4 31.Qe2 Nd5 32.Bg2 Nef6 33.Bxf6 Nxf6 34.Rxd8 Rxd8 35.Bxb7 Qxb7
36.Rxc5 Ne4 37.Rc7 Qd5 38.Nd4 e5 39.Nxf5 Qxb3 40.Rxg7+ Kh8 41.Rxh7+ {#r} 1-0

[Event "Ch Moscow (w) (1/2 final)"]
[Site "masterchessopen.com Moscow (Russia)"]
[Round "0"]
[White "Donchenko Irina (GER)"]
[Black "Akhsharumova Anna M (USA)"]
[Result "0-1"]
[WhiteElo "2075"]
[BlackElo "2310"]

1.d4 Nf6 2.c4 e6 3.g3 d5 4.Bg2 dxc4 5.Nf3 Be7 6.Qa4+ Bd7 7.Qxc4 Bc6 8.O-O O-O
9.Nc3 a6 10.Qd3 b5 11.a3 Nbd7 12.Rd1 Bb7 13.e4 c5 14.d5 exd5 15.e5 d4 16.exf6
Nxf6 17.Ne2 Be4 18.Qd2 a5 19.Nh4 Re8 20.Nf3 Qb6 21.Ne1 Rad8 22.Bxe4 Nxe4
23.Qd3 Bf6 24.Nf4 c4 25.Qf3 g6 26.Bd2 b4 27.axb4 axb4 28.Nc2 c3 29.bxc3 bxc3
30.Be1 Qb3 31.Na3 Ra8 32.Rdb1 Rxa3 33.Rxb3 Rxa1 34.Nd3 c2 35.Kg2 Rxe1 36.Nxe1
c1=Q 37.Nd3 Qc4 38.Rb2 Bg7 39.Re2 Nd6 40.Rb2 Rc8 {#R} 0-1

[Event "Ch Czechoslovakia (corr.)"]
[Site "masterchessopen.com corr."]
[Round "0"]
[White "Dotlacil Ladislav (CZE)"]
[Black "Miskovsky Pavel (CZE)"]
[Result "0-1"]
[WhiteElo "2040"]
[BlackElo "2109"]

1.d4 Nf6 2.c4 e6 3.g3 d5 4.Bg2 dxc4 5.Nf3 Be7 6.O-O O-O 7.Ne5 Nc6 8.Nxc6 bxc6
9.Na3 Bxa3 10.bxa3 Ba6 11.Bxc6 Rb8 12.Qa4 Rb6 13.Bf3 Nd5 14.Qa5 c3 15.Re1 Qf6
16.Qc5 Rc8 17.Be4 Rb5 18.Qc6 Rb6 19.Qc5 Rb5 20.Qc6 Ra5 21.e3 Bb5 22.Qc5 Bd3
23.Qxa5 Bxe4 24.Qa6 Rb8 25.Qxa7 Rd8 26.f4 Qf5 27.Qa6 g5 28.Qe2 g4 29.h4 Rb8
30.a4 c2 31.Bd2 Rb1 32.Rc1 Nf6 33.a5 Bd3 34.Qg2 Ne4 35.a4 Qd5 36.Kh2 f5 37.a6
Qa8 38.Ra3 Qxa6 39.a5 Bf1 {#R} 0-1

[Event "Ch Brazil (team)"]
[Site "masterchessopen.com Curitiba (Brazil)"]
[Round "3"]
[White "Da Costa Renan Levy (BRA)"]
[Black "Filguth Rubens A (BRA)"]
[Result "1-0"]
[WhiteElo "2305"]
[BlackElo "2410"]

1.Nf3 Nf6 2.g3 d5 3.Bg2 e6 4.d4 Be7 5.c4 dxc4 6.Qa4+ Nbd7 7.Qxc4 a6 8.O-O O-O
9.Bf4 Nd5 10.Bd2 b5 11.Qc2 Bb7 12.Nc3 c5 13.Rfd1 Rc8 14.a3 b4 15.Nxd5 Bxd5
16.axb4 cxd4 17.Qa4 Nb6 18.Qa5 Bb3 19.Rdc1 Bc4 20.Ne5 Bf6 21.Nc6 Rxc6 22.Bxc6
Bxe2 23.Re1 Bd3 24.b5 axb5 25.Bb4 Nc4 26.Qxb5 Ne5 27.Qb7 Nxc6 28.Qxc6 Re8
29.Ra7 e5 30.Qb7 Bc4 31.Rea1 Bd5 32.Qb5 h5 33.Rd7 {#r} 1-0

[Event "Ch City"]
[Site "masterchessopen.com Rio de Janeiro (Brazil)"]
[Date "1984.11.25"]
[Round "7"]
[White "Da Silva Decio Koeler (BRA)"]
[Black "Barros Filho Jose Duarte"]
[Result "1-0"]
[WhiteElo "2177"]
[BlackElo "1794"]

1.d4 d5 2.c4 e6 3.g3 dxc4 4.Bg2 Nf6 5.Nf3 Be7 6.O-O O-O 7.Ne5 Nbd7 8.Nxc4 c5
9.dxc5 Bxc5 10.Nc3 Qe7 11.Na4 Rd8 12.Nxc5 Nxc5 13.Qc2 e5 14.Bg5 Rb8 15.Rfd1
Bd7 16.Qc3 Re8 17.Nd6 Na4 18.Qc7 Red8 19.Bxb7 Nb6 20.Bg2 h6 21.Bxf6 gxf6
22.Qxa7 Qf8 23.Ne4 f5 24.Nf6+ {#r} 1-0

[Event "It (open)"]
[Site "masterchessopen.com Copenhagen (Denmark)"]
[Round "6"]
[White "Stelting Thorsten (GER)"]
[Black "Peric Slavisa (SRB)"]
[Result "0-1"]
[WhiteElo "2212"]
[BlackElo "2245"]

1.d4 Nf6 2.c4 e6 3.g3 d5 4.Bg2 Be7 5.Nf3 dxc4 6.Qa4+ Bd7 7.Qxc4 Bc6 8.Nc3 O-O
9.O-O a6 10.Qd3 b5 11.a3 Qc8 12.e4 Rd8 13.Be3 Nbd7 14.d5 exd5 15.exd5 Bb7
16.Rfd1 c5 17.Rac1 Nb6 18.Ng5 Nbxd5 19.Nce4 c4 20.Qb1 h6 21.Rxd5 Bxd5 22.Nxf6+
Bxf6 23.Qh7+ Kf8 24.Re1 Be6 25.Nxe6+ fxe6 26.b4 cxb3 27.Rc1 Qxc1+ 28.Bxc1 Rd1+
29.Bf1 Rxc1 30.Qh8+ Kf7 31.Qxa8 b2 32.Qb7+ Ke8 33.Qa8+ Bd8 {#R} 0-1

[Event "Memorial Pugi"]
[Site "masterchessopen.com Toronto (Canada)"]
[Round "2"]
[White "Hertan Charles E (USA)"]
[Black "Pajak John T (CAN)"]
[Result "0-1"]
[WhiteElo "2395"]
[BlackElo "2275"]

1.d4 Nf6 2.c4 e6 3.Nf3 d5 4.g3 dxc4 5.Bg2 Be7 6.Qa4+ Bd7 7.Qxc4 Bc6 8.O-O O-O
9.Nc3 a6 10.Qd3 b5 11.a3 Nbd7 12.Rd1 Nd5 13.Nxd5 Bxd5 14.e4 Bb7 15.Qc2 a5
16.Be3 Nb6 17.Ne5 Rb8 18.d5 exd5 19.exd5 Bd6 20.Bxb6 cxb6 21.Nc6 Qc7 22.Qd3
Rbe8 23.Qxb5 Bc8 24.Rac1 Qb7 25.Re1 Rxe1+ 26.Rxe1 h5 27.Qe2 g6 28.Qe3 Kg7
29.Qd4+ f6 30.h4 Bd7 31.Qd3 Re8 32.Rxe8 Bxe8 33.Qe3 Bf7 34.Nd8 Qc7 35.Nxf7
Kxf7 36.Qh6 f5 37.Qh7+ Kf6 38.Qh8+ Kf7 39.Kh2 Be5 40.Qh7+ Bg7 41.Bf3 Qc2
42.Kg2 Qxb2 43.Bxh5 gxh5 44.Qxh5+ Ke7 45.Qxf5 Qe5 46.Qd3 Kd6 47.Kf1 Qa1+
48.Ke2 Bd4 49.Qg6+ Kxd5 50.Qf7+ Kc6 51.a4 Qb2+ 52.Kf1 Kc5 53.h5 Qa1+ 54.Kg2
Qxa4 55.Qe7+ Kc4 56.Qe6+ Kd3 57.g4 Qd1 58.Qf5+ Kc3 59.h6 a4 60.g5 a3 61.h7 a2
62.Qc8+ Kd2 63.h8=Q Bxh8 64.Qd8+ Kc2 {#R} 0-1

[Event "It (open) \"]
[Site "masterchessopen.com USA"]
[Round "4"]
[White "Dandridge Marvin (USA)"]
[Black "Horvitz R"]
[Result "0-1"]
[WhiteElo "2223"]
[BlackElo "2200"]

1.d4 Nf6 2.Nf3 e6 3.c4 d5 4.g3 dxc4 5.Bg2 Be7 6.O-O O-O 7.Nc3 Nbd7 8.Qc2 c5
9.Rd1 cxd4 10.Rxd4 Qc7 11.Be3 a6 12.Nd2 Ne5 13.Bf4 Nh5 14.Rxc4 Qb8 15.Bxe5
Qxe5 16.Nf3 Qb8 17.Rd1 b5 18.Rcd4 Ra7 19.Ne4 Rc7 20.Qd3 Bb7 21.Qb1 Rd8
22.Rxd8+ Bxd8 23.Nd6 Ba8 24.e4 Be7 25.e5 h6 26.Rd4 Rc5 27.Ne4 Rd5 28.Qd1 Qc7
29.h4 Rxd4 30.Qxd4 Bd5 31.Nc3 Bxf3 32.Bxf3 Nxg3 33.h5 Nf5 34.Qe4 Bc5 35.Kg2
Bd4 36.Qa8+ Kh7 37.Qxa6 Qxe5 38.Qb7 Qe1 39.Ne4 Nh4+ 40.Kg3 Nf5+ 41.Kh2 Be5+
42.Kh3 Qf1+ 43.Bg2 Qd3+ 44.f3 Qd8 {#R} 0-1

[Event "It"]
[Site "masterchessopen.com Eindhoven (Netherlands)"]
[Round "5"]
[White "Scheeren Peter (NED)"]
[Black "Rodriguez Orestes (ESP)"]
[Result "1-0"]
[WhiteElo "2455"]
[BlackElo "2445"]

1.d4 Nf6 2.c4 e6 3.g3 d5 4.Bg2 dxc4 5.Nf3 Be7 6.O-O O-O 7.Nc3 c5 8.dxc5 Qa5
9.Qd4 Nc6 10.Qxc4 e5 11.Be3 Be6 12.Qa4 Qxa4 13.Nxa4 Nd5 14.Bd2 f5 15.e4 fxe4
16.Ng5 Bxg5 17.Bxg5 h6 18.Be3 Nxe3 19.fxe3 Rxf1+ 20.Rxf1 Bxa2 21.Nc3 Bc4
22.Rd1 Rd8 23.Rxd8+ Nxd8 24.Nxe4 a5 25.Nd6 Ba6 26.Bf1 Bxf1 27.Kxf1 Kf8 28.Ke2
Ke7 29.Kd3 Kd7 30.Kc4 Kc6 31.Nf5 Ne6 32.Ne7+ Kd7 33.Ng6 e4 34.Ne5+ Ke7 35.Kd5
a4 36.Nc4 Nc7+ 37.Kxe4 Ne6 38.Nb6 Nxc5+ 39.Kd5 Nd3 40.Nxa4 b5 41.Ke4 Nf2+
42.Kf3 Nd3 43.Ke2 Nc1+ 44.Kd1 Nd3 45.Kd2 Ne5 46.Nc3 Nc4+ 47.Ke2 Nxb2 48.Nxb5
Ke6 49.Nd4+ Ke5 50.Nf3+ Kd5 51.Nd2 Ke5 52.Kf3 g6 53.Ne4 g5 54.Nf2 h5 55.Ke2
Nc4 56.Kd3 Nd6 57.Kd2 Nc4+ 58.Ke2 Kf5 59.Kf3 Ne5+ 60.Ke2 Nc4 61.h3 Ke5 62.g4
h4 63.Nd1 Ke4 64.Nc3+ Ke5 65.Kd3 Nb2+ 66.Kd2 Nc4+ 67.Ke2 Nb2 68.Nb1 Nc4 69.Nd2
Nb6 70.Nf3+ Kf6 71.e4 Nd7 72.Ke3 Nc5 73.e5+ Kg6 74.Kd4 Ne6+ 75.Ke4 Nc7 76.Nd4
Ne8 77.Nb5 {#r} 1-0

[Event "Ch France"]
[Site "masterchessopen.com France"]
[Round "0"]
[White "Benoit Michel (FRA)"]
[Black "Litique Michel (FRA)"]
[Result "1-0"]
[WhiteElo "2205"]
[BlackElo "2130"]

1.d4 e6 2.c4 Nf6 3.g3 d5 4.Bg2 Be7 5.Nf3 dxc4 6.Qa4+ Nbd7 7.Qxc4 O-O 8.O-O a6
9.Qc2 c5 10.Rd1 cxd4 11.Nxd4 Qb6 12.Nc3 Nc5 13.e4 Rd8 14.e5 Ng4 15.Qe2 f5
16.h3 Nh6 17.Bxh6 gxh6 18.Qc4 Ne4 19.Bxe4 fxe4 20.Nf5 Bf8 21.Nxe4 Rxd1+
22.Rxd1 Qc6 23.Nf6+ Kf7 24.Qg4 exf5 25.Qg8+ Ke7 26.Nd5+ Ke8 27.Qxh7 {#r} 1-0

[Event "Oberliga NRW 1985/86"]
[Site "masterchessopen.com Germany"]
[Round "0"]
[White "Jackelen Thomas (GER)"]
[Black "Diedam Norbert (GER)"]
[Result "0-1"]
[WhiteElo "2415"]
[BlackElo "2215"]

1.Nf3 Nf6 2.c4 e6 3.d4 d5 4.g3 Be7 5.Bg2 dxc4 6.Qa4+ Bd7 7.Qxc4 Bc6 8.O-O Nbd7
9.Nc3 O-O 10.Qd3 a6 11.a4 Rb8 12.a5 Re8 13.Rd1 Bb4 14.Bf4 Rc8 15.Bh3 Bxf3
16.Qxf3 c6 17.e4 Bxa5 18.d5 cxd5 19.exd5 Bxc3 20.dxe6 fxe6 21.bxc3 Rc6 22.Rab1
Qc8 23.Rd6 Rxd6 24.Bxd6 b5 25.Re1 e5 26.Bg2 e4 27.Qe3 Qc6 28.Qd4 Re6 29.Bb4
Ne5 30.Qd1 Nd3 31.Qxd3 exd3 32.Bxc6 Rxe1+ {#R} 0-1

[Event "It (cat.8)"]
[Site "masterchessopen.com Poznan (Poland)"]
[Round "7"]
[White "Neverov Valeriy (UKR)"]
[Black "Sarwinski Miroslaw (POL)"]
[Result "1-0"]
[WhiteElo "2465"]
[BlackElo "2313"]

1.d4 Nf6 2.c4 e6 3.g3 d5 4.Nf3 dxc4 5.Bg2 Be7 6.O-O O-O 7.Qc2 a6 8.a4 c5
9.dxc5 Bxc5 10.Nbd2 Nc6 11.Nxc4 Qe7 12.Nfe5 Nxe5 13.Nxe5 Qc7 14.Be3 Bd6
15.Qxc7 Bxc7 16.Nc4 Nd5 17.Bc5 Rd8 18.Rfd1 Rb8 19.a5 Bd7 20.e4 Bb5 21.exd5
Bxc4 22.d6 Bxa5 23.d7 Be2 24.Rdc1 Bd2 25.Bd6 Bxc1 26.Rxc1 h5 27.Bxb8 Rxd7
28.h4 b5 29.Rc8+ Kh7 30.Be4+ f5 31.Bc6 Rd1+ 32.Kg2 Bf1+ 33.Kf3 Rd3+ 34.Kf4 Rd2
35.Be5 Rxf2+ 36.Kg5 Rc2 37.Rc7 Rc5 38.Rxg7+ Kh8 39.Rc7+ Rxe5 40.Kg6 {#r} 1-0

[Event "Ch Bulgaria"]
[Site "masterchessopen.com Elenite (Bulgaria)"]
[Round "9"]
[White "Velikov Petar (BUL)"]
[Black "Lalev Dimitar (BUL)"]
[Result "1-0"]
[WhiteElo "2417"]
[BlackElo "2376"]

1.Nf3 Nf6 2.g3 d5 3.Bg2 e6 4.d4 Be7 5.c4 dxc4 6.Qa4+ Nbd7 7.Qxc4 a6 8.Bg5 b5
9.Qc2 Bb7 10.Nbd2 O-O 11.O-O Rc8 12.Bxf6 Nxf6 13.Nb3 Bd5 14.Rfd1 c6 15.Nc5 Qb6
16.e4 Bxc5 17.dxc5 Bxe4 18.Qxe4 Qxc5 19.Qe5 Qa7 20.Nd4 Qb6 21.Nb3 Qxf2+
22.Kxf2 Ng4+ 23.Ke2 Nxe5 24.Na5 c5 25.Rd6 c4 26.Rxa6 c3 27.Nc6 cxb2 28.Rb1
Nxc6 29.Rxc6 Rxc6 30.Bxc6 {#r} 1-0

[Event "It"]
[Site "masterchessopen.com Reggio Emilia (Italy)"]
[Round "4"]
[White "Beil Zdenek (CZE)"]
[Black "Klauser Markus (SUI)"]
[Result "1-0"]
[WhiteElo "2256"]
[BlackElo "2371"]

1.d4 Nf6 2.c4 e6 3.g3 d5 4.Nf3 dxc4 5.Bg2 Be7 6.O-O O-O 7.Ne5 c5 8.dxc5 Qxd1
9.Rxd1 Bxc5 10.Nc3 Nfd7 11.Nxc4 Nc6 12.Ne4 Be7 13.Ned6 Rd8 14.Bxc6 bxc6
15.Nxc8 Raxc8 16.Be3 c5 17.Rac1 Nb6 18.Rxd8+ Rxd8 19.Na5 Rc8 20.b3 f6 21.Nb7
Nd5 22.Bd2 Rc7 23.Na5 Kf7 24.e4 Nb6 25.Bf4 e5 26.Be3 Bd6 27.Kg2 Ke6 28.f4 g6
29.Kf3 exf4 30.gxf4 f5 31.e5 Be7 32.b4 Nd5 33.b5 g5 34.Nc6 a6 35.Bxc5 g4+
36.Kg3 axb5 37.Bxe7 Nxe7 38.Nd4+ Kd7 39.Rxc7+ Kxc7 40.Nxb5+ Kc6 41.Nd6 Kd5
42.a4 {#r} 1-0

[Event "It"]
[Site "masterchessopen.com Zurich (Switzerland)"]
[Round "5"]
[White "Komljenovic Davor (CRO)"]
[Black "Bayer Ernst-Wolfgang (GER)"]
[Result "0-1"]
[WhiteElo "2451"]
[BlackElo "2300"]

1.d4 Nf6 2.Nf3 e6 3.c4 d5 4.g3 Be7 5.Bg2 dxc4 6.O-O O-O 7.Qc2 a6 8.a4 Nbd7
9.Qxc4 b5 10.Qc2 Bb7 11.Bg5 c5 12.Bxf6 Bxf6 13.Ng5 Bxg5 14.Bxb7 Ra7 15.Be4
cxd4 16.Bxh7+ Kh8 17.Bd3 Rc7 18.Qd1 Rc1 19.Qb3 Nc5 20.Qa3 Rxf1+ 21.Kxf1 Qd5
22.f3 Rc8 23.axb5 axb5 24.b4 Nxd3 25.Qxd3 Rc1+ 26.Kg2 Be3 27.h4 g6 28.Kh2 Kg7
29.Ra5 Qc4 30.Na3 Rh1+ {#R} 0-1

[Event "It (open)"]
[Site "masterchessopen.com Balatonbereny (Hungary)"]
[Round "7"]
[White "Fauland Alexander (AUT)"]
[Black "Vancsura Zoltan (HUN)"]
[Result "1-0"]
[WhiteElo "2452"]
[BlackElo "2215"]

1.Nf3 Nf6 2.c4 e6 3.d4 d5 4.g3 Be7 5.Bg2 dxc4 6.O-O O-O 7.Qc2 a6 8.Qxc4 b5
9.Qc2 Bb7 10.Bd2 Be4 11.Qc1 Nbd7 12.Ba5 Ra7 13.Nbd2 Bd5 14.Re1 Qa8 15.e4 Bb7
16.b4 e5 17.Nxe5 Nxe5 18.dxe5 Nd7 19.Qb2 c5 20.Bh3 Bc6 21.bxc5 Nxc5 22.Qc2 Ne6
23.Nb3 Rd7 24.Bg2 Rc8 25.Rad1 Rxd1 26.Qxd1 Qa7 27.Qd2 Bg5 28.Qb2 Be7 29.Bd2
Rd8 30.Be3 Qa8 31.f3 Qc8 32.h4 Qd7 33.Bf1 Qc8 34.Rc1 Qd7 35.Bh3 Qe8 36.Kg2 Bf8
37.Bxe6 fxe6 38.Qc3 Bd7 39.Qa5 Ra8 40.Bc5 Qb8 41.Bxf8 Qxf8 42.Rc7 Qd8 43.Nc5
Ra7 44.Nxe6 Bxe6 45.Rxg7+ Kxg7 46.Qxd8 Bxa2 47.e6 {#r} 1-0